| 000 | 00973cai a22001935a 4500 | ||
|---|---|---|---|
| 001 | E147064 | ||
| 008 | 090327u xxk g 000 0 eng d | ||
| 035 | _a(Sirsi) u147064 | ||
| 041 | 0 | _aeng | |
| 110 | 2 |
_aBuilding Cost Information Service _91096 |
|
| 245 | 0 | 0 |
_aBCIS construction duration calculator _h[electronic resource] |
| 520 | _aPart of the BCIS website devoted to its new service: the Construction Duration Calculator. This is a subscription service, which uses data collected as part of the annual Key Performance Indicators survey to help users predict how long a construction project may last, and how fast or slowly it may progress. | ||
| 590 | _aKA | ||
| 650 | 2 | 4 | _aBCIS CONSTRUCTION DURATION CALCULATOR |
| 651 | 4 |
_aUnited Kingdom _y1973- |
|
| 690 |
_aProject management _96261 |
||
| 856 | 4 | 0 |
_uhttps://www.bcis.co.uk/site/scripts/documents_info.aspx?documentID=80&pageNumber=1 _zFind out more about this subscription service at www.bcis.co.uk... |
| 942 | _n0 | ||
| 999 |
_c120781 _d120781 |
||